BBM Business Mathematics: for first semester BBM, Bangalore University (Record no. 214587)
[ view plain ]
| 000 -LEADER | |
|---|---|
| fixed length control field | 00473nam a2200157Ia 4500 |
| 008 - FIXED-LENGTH DATA ELEMENTS--GENERAL INFORMATION | |
| fixed length control field | 231221s9999 xx 000 0 und d |
| 041 ## - LANGUAGE CODE | |
| Language code of text/sound track or separate title | English |
| 082 ## - DEWEY DECIMAL CLASSIFICATION NUMBER | |
| Classification number | 510 RAN;26 |
| 100 ## - MAIN ENTRY--PERSONAL NAME | |
| Personal name | Ranganath, G K. Navasimha Rao, T V. |
| 245 #0 - TITLE STATEMENT | |
| Title | BBM Business Mathematics: for first semester BBM, Bangalore University |
| 250 ## - EDITION STATEMENT | |
| Edition statement | 1st ed. |
| 260 ## - PUBLICATION, DISTRIBUTION, ETC. | |
| Date of publication, distribution, etc. | 2005 |
| Name of publisher, distributor, etc. | Himalaya Publishing House |
| Place of publication, distribution, etc. | Mumbai |
| 300 ## - PHYSICAL DESCRIPTION | |
| Extent | viii+8.24 |
| 650 ## - SUBJECT ADDED ENTRY--TOPICAL TERM | |
| Topical term or geographic name entry element | BBM,Business,Mathematics:,BBM, |
| 942 ## - ADDED ENTRY ELEMENTS (KOHA) | |
| Koha item type | Business Management Library |
| Date last seen | Total checkouts | Full call number | Accession number | Date last checked out | Price effective from | Category | Lost status | Damaged status | Department | Withdrawn status | Home library | Current library | Shelving location | Entry date | Grants | Billdate | Currency symbol | Conversion rate | Discount | Old discount |
|---|---|---|---|---|---|---|---|---|---|---|---|---|---|---|---|---|---|---|---|---|
| 15/05/2024 | 1 | 510 RAN;26 | BM1868 | 30/04/2024 | 26/01/2024 | Business Management Library | Central Library | Central Library | Central Library | Central Library | DONATED | 17/03/2017 | RS | 1 |
